00249nam a2200085Ia 450000100070000000500170000700800410002424500460006526000520011172710320250826163442.0250824s9999 xx 000 0 und d 0aVENEDİK TACİRİcWILLIAM SHAKESPEARE bTÜRKİYE İŞ BANKASI KÜLTÜR YAYINLARI